000 00571nam a2200229Ia 4500
003 OSt
005 20221005131720.0
006 a|||||r|||| 00| 0
007 ta
008 221004b |||||||| |||| 00| 0 eng d
024 _a70303
037 _cTextual
040 _aCRL
_cCRL
_beng
041 _2eng
_aeng
082 _aY1:1.2, E0
100 _aFuller Bampfylde
_9639965
245 0 _aStudies of Indian life and sentiment
260 _c1910
650 _aSOCIOLOGY
942 _hY1:1.2, E0
_cTEXL
_2cc
999 _c1061188
_d1061188